| LEADER | 02200nam a2200445 i 4500 | ||
|---|---|---|---|
| 001 | 311466 | ||
| 003 | CZ PrSKC | ||
| 005 | 20260601215706.0 | ||
| 007 | ta | ||
| 008 | 211123s2021 xr a g 000 f cze | ||
| 015 | |a cnb003375552 | ||
| 020 | |a 9788076613508 |q (brožováno) : |c Kč 399,00 | ||
| 035 | |a (OCoLC)1296107700 | ||
| 040 | |a ABG001 |b cze |e rda | ||
| 072 | 7 | |a 821.162.3-3 |x Česká próza |2 Konspekt | |
| 080 | |a 821.162.3-31 |2 MRF | ||
| 080 | |a (0:82-312.9) |2 MRF | ||
| 100 | 1 | |a Starý, Radek, |d 1992- |7 xx0261079 |4 aut | |
| 245 | 1 | 0 | |a Arila. |p Poslední hvězda / |c Radek "Sterakdary" Starý |
| 246 | 3 | 0 | |a Poslední hvězda |
| 250 | |a 1. vydání | ||
| 264 | 1 | |a V Praze : |b CooBoo, |c 2021 | |
| 300 | |a 335 stran : |b ilustrace ; |c 20 cm | ||
| 336 | |a text |b txt |2 rdacontent | ||
| 337 | |a bez média |b n |2 rdamedia | ||
| 338 | |a svazek |b nc |2 rdacarrier | ||
| 500 | |a Terminologický slovník | ||
| 520 | 2 | |a Druhá kniha fantasy série ze světa národa věčných uprchlíků. |b Z trosek pradávného Amdailu povstal nový Nurheim a zdá se, že je národ Nurů konečně v bezpečí před šílenou bohyní. Všichni ale tuší, že jde pouze o dočasné období klidu a že kdykoli může přijít bouře, která je smete. A ač vždy chtěla být hrdinkou, Arila nyní musí dělat něco mnohem náročnějšího - postavit se čelem šílené bohyni, jejíž hněv otřásá samotnou realitou. Nakladatelská anotace. | |
| 546 | |a Český text | ||
| 655 | 7 | |a české romány |7 fd133974 |2 czenas | |
| 655 | 7 | |a fantasy romány |7 fd184199 |2 czenas | |
| 655 | 9 | |a Czech fiction |2 eczenas | |
| 655 | 9 | |a fantasy novels |2 eczenas | |
| 787 | 0 | 8 | |i Z cyklu: |t Arila |g 2 |
| 900 | |a ABA001 |b 20 | ||
| 928 | 9 | |a Albatros Media - CooBoo | |
| 044 | |a xr | ||
| 910 | |a RBIT002 | ||
| 998 | |d 340110 |a https://core.palmknihy.cz/api/books/340110/cover?s7x0oj |b https://core.palmknihy.cz/api/books/340110/cover/400?s7x0oj |c https://core.palmknihy.cz/api/books/340110/cover/50?s7x0oj |e 2031-12-31 |g 336 |i 9788076613508 |j https://core.palmknihy.cz/api/books/340110/preview.epub |k https://core.palmknihy.cz/api/books/340110/preview.pdf |l |q 49 |r 1 |s https://www.palmknihy.cz/kniha/340110 |t ebook |y 2021 |z 0 |v Arila |w 2 | ||
| 999 | |d 311464 | ||